=LDR 00000nam 2200000 4500 =001 INLIS000000000054677 =005 20200219084319 =035 ##$$a 0010-0220000239 =007 ta =008 200219###########################0#ind## =020 ##$$a 978-602-7820-78-4 =082 ##$$a 297.99 =084 ##$$a 297.99 Ded j =245 1#$$a Jejak Kehalifahan Turki Utsmani di Nusantara /$c Deden A Herdiansyah =300 ##$$a 240 halaman : $b Ilustrasi ; $c 20 Cm. =650 #4$$a Islam- Sejarah =700 #$$a Penyunting, Irin Hidayat =504 ##$$a Bibliografi : halaman 195-200 =264 ##$$a Yogyakarta :$b Pro-U-Media,$c 2017 =336 ##$$a teks$2 rdacontent =337 ##$$a lain-lain$2 rdamedia =338 ##$$a lain-lain$2 rdacarrier =990 ##$$a 11491149 =990 ##$$a 11491149